000 00888cam a22002175a 4500
001 L137879
008 100803s2006 xxk f 000 0 eng d
035 _a(Sirsi) u137879
041 0 _aeng
110 2 _aSavills Project Consultancy
_95857
245 0 0 _aCommercial development activity
_h[electronic resource]
260 _aLondon
_bSavills
_c2006-
362 0 _aNovember 2006-
490 0 _aSavills UK Commercial Development Activity
520 _aDiscusses growth in the different commercial property sectors, levels of activity by sector, new build and refurbishment activity, and developer expectations for the market.
554 _aMonthly
651 4 _aUnited Kingdom
_y
690 _aPROPERTY-COMMERCIAL PROPERTY-COMMERCIAL PROPERTY MARKET
856 4 0 _uhttps://www.savills.com/research/uk-research.aspx
_zView the item free of charge at www.savills.co.uk
942 _n0
999 _c118922
_d118922